000
00351nam a2200145Ia 4500
008
180910s9999 xx 000 0 und d
100
_a
Going Places.
245
_a
Going places /
245
_c
Going Places.
260
_b
Manila bulletin publishing
260
_c
2018
300
_a
71 pages.
440
_a
Going places
_v
2 : 4
650
_a
Travel.
999
_c
358717
_d
358717